000 nam a22 a 4500
999 _c2964
_d2964
005 20170519082340.0
008 170519b1996 enk||||| |||| 00| 0 eng d
020 _a0340670002 (pbk) :
_c£6.99
040 _aAKMAL
082 0 4 _a658.15 GOU
090 _a658.15
_bGOU
100 1 _aGough, Leo.
_96198
245 1 0 _aManaging your money
_cLeo Gough.
260 _aLondon :
_bHodder & Stoughton
_cc1996.
300 _avi,220p. ;
_c20cm
490 0 _aTeach yourself
500 _aIncludes index.
650 0 _aFinance, Personal.
_9336
852 4 1 _aBritish Librar
_bHMNTS
942 _2ddc
_cBOOK